000 00372cam a22001217a 4500
008 180718b1968 xxu||||| |||| 00| 0 eng d
082 _aK334 Is1
100 _aIsbister, William
245 _aPerformance and progress in working life: a study
_cby William Isbister
260 _aOxford
_bPergamon
_c1968
300 _a135p.
650 _aPersonnel management --Staff assessment
999 _c432315
_d432315